La Maladie infantile du communisme : le gauchisme /

Saved in:
Bibliographic Details
Main Author: Lenin (autor)
Other Authors: Mandrou, Robert (prólogo) (prólogo)
Format: Book
Language:French
Published: París, Francia : Union Générale d'Editions, 1962, c1962
Tags: Add Tag
No Tags, Be the first to tag this record!

MARC

LEADER 00000nam^a2200000^a^4500
001 000564037
005 20250521000000.0
009 20260310132018.601
037 |a Acervo ITESO - Biblioteca 
041 |a FRA 
091 |a FGM. 02221 
100 |a Lenin  |e (autor) 
245 1 3 |a La Maladie infantile du communisme :  |b le gauchisme / 
264 4 |a París, Francia :  |b Union Générale d'Editions,  |c 1962, c1962 
300 |a 187 p. 
336 |a texto  |b txt  |2 rdacontenido 
337 |a sin mediación  |b n  |2 rdamedio 
338 |a volumen  |b nc  |2 rdasoporte 
649 |a XX 
700 |a Mandrou, Robert  |e (prólogo) 
910 |a Fondo Efraín González Morfín 
920 |a Impresos - Libros 
930 |a Fondos Especiales 
905 |a 130 
901 |a 0500384629  |b IT2  |c ESL  |i D91085  |u 20250521 
902 |a https://opac.biblio.iteso.mx/vufind/Record/000564037